Metabolism and function in nervous tissue : [proceedings of] a symposium /

Saved in:
Bibliographic Details
Corporate Authors: Biochemical Society, London School of Hygiene and Tropical Medicine
Other Authors: Williams, Richard Tecwyn
Format: Book
Language:English
Published: Cambridge : University Press, 1952.
Series:Biochemical Society (Great Britain). Symposium. Biochemical Society symposia ; no. 8
Subjects:
LEADER 01127nam a2200253 i 4500
001 c000128721
003 CARM
005 00000000000000.0
008 840316s1952 xx 0 eng d
019 1 |a 10221846  |z 45128787  |5 LACONCORD2021 
035 |a (OCoLC)221656915  |5 LACONCORD2021 
110 2 0 |a Biochemical Society  |c (London) 
245 1 0 |a Metabolism and function in nervous tissue :  |b [proceedings of] a symposium /  |c Organized and edited by R.T. Williams. 
260 |a Cambridge :  |b University Press,  |c 1952. 
300 |a 102 p. :  |b illus. 
490 0 |a Biochemical Society (Great Britain). Symposium. Biochemical Society symposia ;  |v no. 8 
500 |a "Held at the London School of Hygiene and Tropical Medicine on 10 November 1951.". 
650 0 |a Nerves. 
650 0 |a Metabolism. 
700 1 |a Williams, Richard Tecwyn. 
710 2 0 |a London School of Hygiene and Tropical Medicine. 
852 8 |b CARM  |h A2:AE28A0  |i B00649  |p 0035257  |f BK 
999 f f |i 2e2f46ed-01c8-52e6-912c-f05cf631f13d  |s e33e8648-2348-5bcc-ae92-118fa0f3e1a4 
952 f f |p Can circulate  |a CAVAL  |b CAVAL  |c CAVAL  |d CARM 1 Store  |e B00649  |f A2:AE28A0  |h Other scheme  |i book  |m 0035257